| 000 | 01437njm a22002657a 4500 | ||
|---|---|---|---|
| 005 | 20100908101411.0 | ||
| 007 | sd ammalaaahaa | ||
| 008 | 100908t xxu||||| |||| 00| 0 hin d | ||
| 028 |
_aN. 54564 _bHis Master's Voice |
||
| 035 | _aGR-01302 | ||
| 040 | _aSED/VEN | ||
| 100 |
_aMukesh _918798 |
||
| 245 |
_aMohabbat isko kahete hain : _bHindustani / _cby Mukesh & Asha Bhosle ; music by Khaiyyam ; lyric by Majrooh _h[Sound recording] : |
||
| 246 | _aमोहब्बत इसको कहेते हैं (मुकेश & आशा भोसले ) | ||
| 260 |
_aDum Dum India _bHis Master's Voice |
||
| 300 |
_a1 sound disc [Gramophone] : _banalog, 33 1/3 rpm _c10 in. _fGramophone Record |
||
| 500 | _aBrief Record | ||
| 505 | _ahumse hotee mohabbat part 1 (mohabbat isko kahete hain )(mukesh) हमसे होती मोहब्बत पार्ट १ (मोहब्बत इसको कहेते हैं ) (मुकेश ) meri nigah ne part 2 (mohabbat isko kahete hain) (Mohd. Rafi) मेरी निगाह ने पार्ट २ (मोहब्बत इसको कहेते हैं ) (मोहमद रफ़ी ) | ||
| 650 |
_aClassical Music _xExcerpts _zIndia _918809 |
||
| 700 |
_aAsha Bhosle _918810 |
||
| 700 |
_aKhaiyyam _918811 |
||
| 700 |
_aMajrooh _918825 |
||
| 942 |
_2ddc _cGR |
||
| 999 |
_c44365 _d44365 |
||